000
00359nam a22001697a 4500
005
20251003123914.0
020
_a
978-93-525-3195-0
041
_a
English
082
_a
001 Q16 AGG
100
_a
Aggarwal Ashish
245
_a
Quick Arithmetic
250
_a
7
260
_a
New Delhi
_b
S.Chand
_c
2016
300
_a
940
365
_b
495.00
942
_c
BK
999
_c
176284
_d
176284